000 00458nam a22001697a 4500
005 20251108164018.0
008 250721s1992 xx 000 0 ara d
082 1 4 _a320.4/زكي
100 1 _aالغول، زكي
245 1 0 _aمقالات سبقت الأحداث /
264 1 _aعمان :
_bدار الكرمل،
_c1992.
300 _a71ص
650 1 7 _aالعلوم السياسية
650 1 7 _aالمقالات
942 _2ddc
_cBK
999 _c1395
_d1395